000 00568nam a22001457a 4500
008 140818b xxu||||| |||| 00| 0 eng d
020 _a040609036x
050 _aKD276.2(1874 vol.18)
245 _aThe Law Reports(1874 vol.18) Equity cases:Equity cases,including bankruptcy cases, before the master of the rolls, the Vice- chancellors, and the chief judge in bankruptcy./
_cEdited by G. W Hemming.
260 _aLondon:
_bButterworth & co ltd.,
_c1874.
300 _aXiv, 747p.:
_c24cm.
440 _pEquity Cases.
_vVol.18
800 _aHemming, G. W
942 _2lcc
_cBK
999 _c3442
_d10942